Corporate coworking : « hacker » le travail ? (notice n° 1597027)

détails MARC
000 -LEADER
fixed length control field 02322cam a2200253 4500500
005 - DATE AND TIME OF LATEST TRANSACTION
control field 20251228074159.0
041 ## - LANGUAGE CODE
Language code of text/sound track or separate title fre
042 ## - AUTHENTICATION CODE
Authentication code dc
100 10 - MAIN ENTRY--PERSONAL NAME
Personal name Bréchignac, Blandine
Relator term author
245 00 - TITLE STATEMENT
Title Corporate coworking : « hacker » le travail ?
260 ## - PUBLICATION, DISTRIBUTION, ETC.
Date of publication, distribution, etc. 2017.<br/>
500 ## - GENERAL NOTE
General note 11
520 ## - SUMMARY, ETC.
Summary, etc. RésuméL'apparition d'espaces de coworking, concomitante à la diffusion des technologies de l'information et de la communication, est aujourd'hui observée au sein même des entreprises. Mais quel sens a pour une entreprise la création d'un tiers lieu de travail de ce type ? Sur la base de l'analyse de six projets en Europe, l'article donne un aperçu des motivations des entreprises à se lancer dans le corporate coworking ; il montre que l'ambition de ces projets n'est pas la création d'un espace mais l'évolution de l'organisation dans un contexte de transformation digitale. Il examine également les liens que présentent les projets étudiés avec l'implantation d'une culture digitale dans ces organisations, et présente quelques effets du corporate coworking dans les entreprises concernées.
520 ## - SUMMARY, ETC.
Summary, etc. Corporate coworking: hacking into the workplace?Coworking spaces have appeared in tandem with the expansion of ICT and have found their way into companies. But why would a company wish to create this type of additional workplace? This article offers a glimpse into the reasoning behind the shift towards corporate coworking. The findings from an analysis of six projects around Europe show that the purpose of each project was not to create a space, but to move the organization forward in a world of digital transformation. The article also examines the links between these projects and the embedding of a digital culture in each organization, and at the same time, highlights some of the consequences of corporate coworking on the project companies.
690 ## - LOCAL SUBJECT ADDED ENTRY--TOPICAL TERM (OCLC, RLIN)
Topical term or geographic name as entry element COLLABORATION
690 ## - LOCAL SUBJECT ADDED ENTRY--TOPICAL TERM (OCLC, RLIN)
Topical term or geographic name as entry element COWORKING
690 ## - LOCAL SUBJECT ADDED ENTRY--TOPICAL TERM (OCLC, RLIN)
Topical term or geographic name as entry element DIGITAL
690 ## - LOCAL SUBJECT ADDED ENTRY--TOPICAL TERM (OCLC, RLIN)
Topical term or geographic name as entry element INNOVATION ORGANISATIONNELLE
690 ## - LOCAL SUBJECT ADDED ENTRY--TOPICAL TERM (OCLC, RLIN)
Topical term or geographic name as entry element MODES DE TRAVAIL
700 10 - ADDED ENTRY--PERSONAL NAME
Personal name Boboc, Anca
Relator term author
700 10 - ADDED ENTRY--PERSONAL NAME
Personal name Ould-Ferhat, Laurence
Relator term author
786 0# - DATA SOURCE ENTRY
Note Sociologies pratiques | 34 | 1 | 2017-05-10 | p. 93-101 | 1235-9278
856 41 - ELECTRONIC LOCATION AND ACCESS
Uniform Resource Identifier <a href="https://shs.cairn.info/revue-sociologies-pratiques-2017-1-page-93?lang=fr&redirect-ssocas=7080">https://shs.cairn.info/revue-sociologies-pratiques-2017-1-page-93?lang=fr&redirect-ssocas=7080</a>

Pas d'exemplaire disponible.

PLUDOC

PLUDOC est la plateforme unique et centralisée de gestion des bibliothèques physiques et numériques de Guinée administré par le CEDUST. Elle est la plus grande base de données de ressources documentaires pour les Étudiants, Enseignants chercheurs et Chercheurs de Guinée.

Adresse

627 919 101/664 919 101

25 boulevard du commerce
Kaloum, Conakry, Guinée

Réseaux sociaux

Powered by Netsen Group @ 2025